Former Locations for NBA teams - Statistics

General Stats
  • This quiz has been taken 47 times
  • The average score is 9 of 11
Answer Stats
Location Team at the location % Correct
Vancouver (Now Memphis) Grizzlies
100%
St. Louis (Now Atlanta) Hawks
100%
New Jersey (Now Brooklyn) Nets
100%
San Diego (Now Houston) Rockets
100%
Seattle (Now Oklahoma City) SuperSonics
100%
Cincinnati/Kansas City (Now Sacramento) Royals/Kings
97%
Buffalo (Now Los Angeles Braves
95%
Baltimore (Washington D.C.) Bullets
95%
Minneapolis (Now Los Angeles) Lakers
95%
Providence (Folded) Steam Rollers
21%
Florence (Folded) Senators
5%
No matching quizzes found
Score Distribution
Percent of People with Each Score
Percentile by Number Answered
Your Score History
You have not taken this quiz